História slúži dnešku

Bibliographic Details
Main Author: Chilová, Kamila (Author)
Format: Article
Language:Slovak
PhysicalDescription:Obr. 2.
Subjects:

MARC

LEADER 00000nab a2200000 a 4500
001 vtls000027063
003 SK-MaSNL
005 20260304031554.0
008 111103c1979 xo 0 slo
015 |a SNBRB19rr/mm-uuuuu 
035 |a CL0037157 
040 |a SNKBUCL  |b slo  |c SNKBUCL  |e AACR2 
041 0 |a slo 
044 |a xo  |c SK 
080 |a 069  |2 1981 
100 1 |a Chilová, Kamila  |4 aut  |9 5007 
245 1 0 |a História slúži dnešku  |c Kamila Chilová 
300 |b Obr. 2. 
500 |a /Východoslovenské noviny č. 109./ 
610 2 7 |a Zemplínske múzeum (Michalovce, Slovensko)  |2 snkbucl  |9 33766 
650 0 7 |a múzeá  |2 snkbucl  |9 4119 
655 7 |a články z novín a časopisov  |2 snkbucl  |9 267496 
773 0 |t Príloha VN  |g Roč. 28, č. 19 (11. 5. 1979), s. 6 
850 |a Slovenská národná knižnica v Martine  |a MTA001 
852 |a SNK  |b KIS3GCP 
958 |a RK 
992 |a RBX 
999 |c 2638826  |d 2640756